书目信息 |
| 题名: |
心碎之舞
|
|
| 作者: | 叶倾城 著 | |
| 分册: | ||
| 出版信息: | 哈尔滨 北方文艺出版社 2000.01 |
|
| 页数: | 182页 | |
| 开本: | 32开 | |
| 丛书名: | ||
| 单 册: | ||
| 中图分类: | I247.5 | |
| 科图分类: | ||
| 主题词: | 小说--中国 | |
| 电子资源: | ||
| ISBN: | 7-5317-1227-X | |
| 000 | 00490nam0 2200181 45 | |
| 001 | 0011142031 | |
| 005 | 20081103104444.23 | |
| 010 | @a7-5317-1227-X@d10.00元 | |
| 100 | @a20001114d2000 km y0chiy0120 ea | |
| 101 | 0 | @achi |
| 200 | 1 | @a心碎之舞@AXin Sui Zhi Wu@f叶倾城著@FYe Qing Cheng Zhu |
| 210 | @a哈尔滨@c北方文艺出版社@d2000.01 | |
| 215 | @a182页@d32开 | |
| 606 | 0 | @a小说@x中国 |
| 690 | @aI247.5@v3 | |
| 701 | 0 | @a叶倾城@4著 |
| 801 | @aCN@c20081103 | |
| 905 | @b406178-182@dI247.5@eY120@f5 | |
| 心碎之舞/叶倾城著.-哈尔滨:北方文艺出版社,2000.01 |
| 182页;32开 |
| ISBN 7-5317-1227-X:10.00元 |
| ● |
| 相关链接 |
|
|
|
正题名:心碎之舞
索取号:I247.5/Y120
 
预约/预借
| 序号 | 登录号 | 条形码 | 馆藏地/架位号 | 状态 | 备注 |
| 1 | 406178 | 204061781 | 社科二线422/422社科库 6排2列3层/ [索取号:I247.5/Y120] | 在馆 | |
| 2 | 406179 | 204061790 | 社科二线400B/400B社科库 16排2列1层/ [索取号:I247.5/Y120] | 在馆 | |
| 3 | 406180 | 204061807 | 文学库108/ [索取号:I247.5/Y120] | 在馆 | |
| 4 | 406181 | 204061816 | 文学库108/ [索取号:I247.5/Y120] | 在馆 | |
| 5 | 406182 | 204061825 | 文学库108/ [索取号:I247.5/Y120] | 在馆 | |
| 6 | 460657 | 204606578 | 社科二线422/422社科库 6排2列3层/ [索取号:I247.5/Y120] | 在馆 |